000 00265pam a2200121 a 4500
020 _c
041 _aeng
100 _aDutt Indu.
245 _aA Tagore Testamant
_hTextual Documents
260 _aMumbai
_bJAICO PUBLICATION
_c1989
300 _a114p.
930 _a15574
999 _c92474
_d92474